000 00551nam a22002057a 4500
003 OSt
005 20160229141423.0
008 160229b xxu||||| |||| 00| 0 eng d
020 _a9781269358668
040 _aseku
050 _aQA152.3
_b.R63 2014
100 _4Rockswold Gary K.
245 _aCollege algebra with modelling and visualization
_cGary K. Rockswold
250 _a5th
260 _aNew Jersey
_bPearson
_c2014
300 _a582p
_bvi
500 _aincludes bib.ref and index
651 _2Maths
_vcollege Algebra
942 _2lcc
_cGEN
999 _c11622
_d11622